000 00684nam a2200277Ia 4500
005 20260324122031.0
008 008 260324s9999 xx 000 0 eng d
020 _a9780429253966
037 _aEBOOK
040 _aCRL
040 _beng
040 _cCRL
041 _2eng
041 _aeng
084 _qCRL
100 _aBetty Biringer; Drake Warren; Eric Vugrin
_91164852
245 0 _aCritical Infrastructure System Security and Resiliency
260 _bTaylor and Francis
260 _c2013
365 _a
365 _b230
856 _uhttp://www.taylorfrancis.com/books/9780429253966
942 _cEBOOK
999 _c1757306
_d1757306